00658nam a22001937a 450000500170000001000150001702000260003203500140005803700090007208200080008110000240008924500600011326000380017327000400021130000200025194200220027199900190029395201520031220250313151935.0 aENG-144024 c130.00a9788181804495 aEN-127556 bDBAD a540 aSireesha, B.979621 aB.Sc. Second Year Chemistry/ cby B. Sireesha...[et.al] aHyderabad bTelugu Akademi c2017 aTelugu Akademi bHyderabad e500029 a330p.b24cm(pb) 2ddccENmSIRh540 c210297d210297 001040708NFICaJPbJPd2025-03-13eDelivery of Books Act Divisiong130.00l0oSIR 540pEN-127556r2025-03-13 00:00:00t1v130.00w2025-03-13yEN